000 00544nam a2200229Ia 4500
005 20250425161922.0
008 250425s9999 xx 000 0 und d
041 _aspa
043 _aec
082 _a861
100 _aMONTALVAN BARRERA, RAFAEL
245 0 _aLEASE SI QUIERE: POESIA
250 _a1A ED.
260 _aEcuador
_bS.E.
_c1992
260 _aGUAYAQUIL
300 _a102
500 _aCOLECCION HISPANOAMERICANA N. 1
650 _aPOESIA ECUATORIANA
710 _aHISPANOAMERICANA
942 _c01
010 _a34886
999 _c218829
_d218829